000 00436 a2200169 4500
020 _a978-007-126328-3
082 _a515.93
090 _c5801
_d5801
100 _aBrown, James Ward
245 _aComplex Variables and Applications
_cJames Ward Brown
250 _a8th
260 _aSingapore
_bMcGraw Hill
_c2009
300 _a468 p
500 _aIncludes Index
650 _aFunctions of complex variables.
942 _cBK
_k515.93 BRO
999 _c9643
_d9643